Aprendiendo de las drogas : (Registro nro. 3421)
[ vista simple ]
| 000 -LEADER | |
|---|---|
| fixed length control field | 01203nam a2200289Ia 4500 |
| 003 - CONTROL NUMBER IDENTIFIER | |
| control field | OSt |
| 005 - DATE AND TIME OF LATEST TRANSACTION | |
| control field | 20200406135525.0 |
| 008 - FIXED-LENGTH DATA ELEMENTS--GENERAL INFORMATION | |
| fixed length control field | 191128s1998 sp gr 001 0 spa d |
| 020 ## - INTERNATIONAL STANDARD BOOK NUMBER | |
| International Standard Book Number | 8433914413 |
| 040 ## - CATALOGING SOURCE | |
| Original cataloging agency | CO-JMCR |
| Transcribing agency | CO-JMCR |
| 041 0# - LANGUAGE CODE | |
| Language code of text/sound track or separate title | spa |
| 082 04 - DEWEY DECIMAL CLASSIFICATION NUMBER | |
| Classification number | 178.8 / |
| Item number | E747a |
| 100 1# - MAIN ENTRY--PERSONAL NAME | |
| Personal name | Escohotado, Antonio, |
| Relator term | autor |
| 9 (RLIN) | 2540 |
| 245 10 - TITLE STATEMENT | |
| Title | Aprendiendo de las drogas : |
| Remainder of title | usos y abusos, prejuicios y desafíos / |
| Statement of responsibility, etc. | Antonio Escohotado |
| 250 ## - EDITION STATEMENT | |
| Edition statement | Septima edición |
| 260 ## - PUBLICATION, DISTRIBUTION, ETC. | |
| Place of publication, distribution, etc. | Barcelona : |
| Name of publisher, distributor, etc. | Anagrama, |
| Date of publication, distribution, etc. | 1998 |
| 300 ## - PHYSICAL DESCRIPTION | |
| Extent | 250 páginas |
| Dimensions | 19 cm. |
| 490 0# - SERIES STATEMENT | |
| Series statement | Compactos ; |
| Volume/sequential designation | 111 |
| 500 ## - GENERAL NOTE | |
| General note | Incluye índice analítico páginas 241-247. |
| 505 ## - FORMATTED CONTENTS NOTE | |
| Formatted contents note | Despejando prejuicios -- Buscando paz -- Buscando puro brío -- Buscando excursión psíquica |
| 520 ## - SUMMARY, ETC. | |
| Summary, etc. | Divinas para unos, diabólias para otros, legales e ilegales, las drogas no sólo son el "problema" más peculiar de nuestra época, sino un terreno sembrado de perplejidades. ¿Cabe aprender algo de ellas,o al menos sobre ellas, en vez de simplemente padecer? |
| 650 14 - SUBJECT ADDED ENTRY--TOPICAL TERM | |
| Topical term or geographic name entry element | Drogas alucinógenas |
| 9 (RLIN) | 2541 |
| 650 24 - SUBJECT ADDED ENTRY--TOPICAL TERM | |
| Topical term or geographic name entry element | Drogadicción |
| 9 (RLIN) | 2542 |
| 650 24 - SUBJECT ADDED ENTRY--TOPICAL TERM | |
| Topical term or geographic name entry element | Aspectos sociales |
| 9 (RLIN) | 2496 |
| 650 24 - SUBJECT ADDED ENTRY--TOPICAL TERM | |
| Topical term or geographic name entry element | Drogas y jóvenes |
| 9 (RLIN) | 2543 |
| 942 ## - ADDED ENTRY ELEMENTS (KOHA) | |
| Source of classification or shelving scheme | Dewey Decimal Classification |
| Koha item type | Books |
| Withdrawn status | Lost status | Source of classification or shelving scheme | Materials specified (bound volume or other part) | Damaged status | Not for loan | Home library | Current library | Shelving location | Date acquired | Source of acquisition | Cost, normal purchase price | Total Checkouts | Full call number | Barcode | Date last seen | Date last checked out | Copy number | Price effective from | Koha item type |
|---|---|---|---|---|---|---|---|---|---|---|---|---|---|---|---|---|---|---|---|
| Dewey Decimal Classification | Donación--12/04/2018-- | Biblioteca Pública José María del Castillo y Rada | Biblioteca Pública José María del Castillo y Rada | General Stacks | 11/28/2019 | Donación | 0.00 | 2 | 178.8 / E747a | 201807270 | 05/16/2024 | 07/12/2023 | Ej.1 | 11/28/2019 | Books |